Comparación de las propiedades tecnológicas de "Dos Posibles Variedades" de madera de pochote (Bombacopsis quinata (Jacq.) Dugand, Familia Bombacaceae) provenientes de Garza de Nicoya
Gorde:
| Egile nagusia: | |
|---|---|
| Formatua: | Liburua |
| Argitaratua: |
San José, C.R
2002
|
| Gaiak: | |
| Etiketak: |
Etiketa erantsi
Etiketarik gabe, Izan zaitez lehena erregistro honi etiketa jartzen!
|
MARC
| LEADER | 00000nam a2200000Ia 4500 | ||
|---|---|---|---|
| 003 | 009016 | ||
| 005 | 20221231144151.0 | ||
| 008 | 140114s2002 cr a m 000 ||s d | ||
| 040 | |c cru CEDI | ||
| 090 | |a TFG 4577 | ||
| 100 | |a Fernández Argüello, José David |9 7203 | ||
| 245 | |a Comparación de las propiedades tecnológicas de "Dos Posibles Variedades" de madera de pochote (Bombacopsis quinata (Jacq.) Dugand, Familia Bombacaceae) provenientes de Garza de Nicoya | ||
| 260 | |c 2002 |a San José, C.R | ||
| 300 | |a 188 hojas : ilustraciones a color | ||
| 500 | |a Proyecto de graduación (licenciatura en Ingeniería Civil)--Universidad de Costa Rica. Facultad de Ingeniería. Escuela de Ingeniería Civil | ||
| 650 | |x POCHOTE |x VARIEDADES |x INDUSTRIA Y COMERCIO |x ANATOMIA DE LA MADERA |x PRUEBAS |x REFORESTACION |x GARZA (NICOYA, GUANACASTE, COSTA RICA) |9 7204 | ||
| 942 | |c TFG | ||
| 999 | |c 17868 |d 17868 | ||
